Personnalités liées à Toulon - Statistiques

Statistiques générales
  • Ce quiz a été pris 22 fois
    20 depuis la dernière actualisation
  • Le résultat moyen est 4 sur 12
Statistiques - réponses
Description Personnalité % Correct
Explorateur dont son célèbre navire, la Calypso, était basé à Toulon Jacques-Yves Cousteau
88%
Chanteur né en 1927 aussi connu sous le surnom de "Monsieur 100 000 volts" Gilbert Bécaud
76%
Chanteuse célèbre pour sa chanson "Les Bêtises" sortie en 1985 Sabine Paturel
47%
Maire de Toulon du 25 mars 2001 au 19 avril 2023 Hubert Falco
41%
Capitaine ayant œuvré lors du siège de Toulon en 1793 Napoléon Bonaparte
41%
Disc jockey devenu internationalement connu pour son titre "This Girl" Kungs
24%
Joueur de rugby à XV remportant 3 Coupe d'Europe avec son club en 2013, 2014 et 2015 Mathieu Bastareaud
18%
Actrice révélée en jouant dans le long métrage "Pouic-Pouic" en 1963 Mireille Darc
18%
Homme politique né à Toulon et maire du 16e arrondissement de Paris de 2008 à 2017 Claude Goasguen
12%
Poète, romancier et dramaturge, auteur de "Maurin des Maures" publié en 1908 Jean Aicard
12%
Footballeur international ayant joué à l'AS Monaco de 1998 à 2006 Sébastien Squillaci
6%
Chanteuse et actrice, terminant troisième de l'émission Nouvelle Star en 2009 Camélia Jordana
0%
Aucun quiz correspondant
Distribution des résultats
% des personnes avec chaque résultat
Percentile par nombre de réponses
Votre historique - résultats
Vous n’avez pas pris ce quiz depuis la dernière actualisation